<?xml version="1.0" encoding="UTF-8"?>
<record
    xmlns:xsi="http://www.w3.org/2001/XMLSchema-instance"
    xsi:schemaLocation="http://www.loc.gov/MARC21/slim http://www.loc.gov/standards/marcxml/schema/MARC21slim.xsd"
    xmlns="http://www.loc.gov/MARC21/slim">

  <leader>00920    a2200265   4500</leader>
  <controlfield tag="001">116923</controlfield>
  <datafield tag="020" ind1=" " ind2=" ">
    <subfield code="a">9788538077466</subfield>
  </datafield>
  <datafield tag="020" ind1=" " ind2=" ">
    <subfield code="q">(Broch.)</subfield>
  </datafield>
  <datafield tag="041" ind1=" " ind2=" ">
    <subfield code="a">por</subfield>
  </datafield>
  <datafield tag="082" ind1=" " ind2=" ">
    <subfield code="a">028.5</subfield>
  </datafield>
  <datafield tag="100" ind1=" " ind2=" ">
    <subfield code="a">Yarlett, Emma.</subfield>
  </datafield>
  <datafield tag="300" ind1=" " ind2=" ">
    <subfield code="a">32 p.</subfield>
  </datafield>
  <datafield tag="500" ind1=" " ind2=" ">
    <subfield code="a">Livro cont&#xE9;m fita preta. Uso restrito aos professores.</subfield>
  </datafield>
  <datafield tag="520" ind1=" " ind2=" ">
    <subfield code="a">Mordisco, o monstro comedor de livros, foi mastigando, mastigando e saiu de seu pr&#xF3;prio livro, e agora est&#xE1; causando travessuras e confus&#xE3;o nas hist&#xF3;rias dos outros! Cuidado!</subfield>
  </datafield>
  <datafield tag="521" ind1=" " ind2=" ">
    <subfield code="a">Year 1</subfield>
  </datafield>
  <datafield tag="697" ind1=" " ind2=" ">
    <subfield code="a">Literatural infantil</subfield>
  </datafield>
  <datafield tag="856" ind1=" " ind2=" ">
    <subfield code="u">000027/0000277f.jpg</subfield>
  </datafield>
  <datafield tag="040" ind1=" " ind2=" ">
    <subfield code="a">BR-BrIDEA</subfield>
    <subfield code="c">BR-BrIDEA</subfield>
  </datafield>
  <datafield tag="090" ind1=" " ind2=" ">
    <subfield code="a">A Year 1 028</subfield>
    <subfield code="b">YAR</subfield>
  </datafield>
  <datafield tag="240" ind1="1" ind2="0">
    <subfield code="a">Nibbles: the book monster</subfield>
    <subfield code="l">Portugues</subfield>
  </datafield>
  <datafield tag="245" ind1="1" ind2="0">
    <subfield code="a">Mordisco</subfield>
    <subfield code="b">o monstro de livros</subfield>
    <subfield code="c">Emma Yarlett; tradu&#xE7;&#xE3;o de Monique  D'Orazio</subfield>
  </datafield>
  <datafield tag="260" ind1=" " ind2=" ">
    <subfield code="a">S&#xE3;o Paulo</subfield>
    <subfield code="b">Ciranda Cultural</subfield>
    <subfield code="c">2018</subfield>
  </datafield>
  <datafield tag="700" ind1=" " ind2=" ">
    <subfield code="a">D'Orazio, Monique</subfield>
    <subfield code="e">tradutor</subfield>
  </datafield>
  <datafield tag="942" ind1=" " ind2=" ">
    <subfield code="c">BK</subfield>
  </datafield>
  <datafield tag="952" ind1=" " ind2=" ">
    <subfield code="0">0</subfield>
    <subfield code="1">0</subfield>
    <subfield code="2">ddc</subfield>
    <subfield code="4">0</subfield>
    <subfield code="7">0</subfield>
    <subfield code="a">12.28</subfield>
    <subfield code="b">12.28</subfield>
    <subfield code="d">2021-02-01</subfield>
    <subfield code="l">1</subfield>
    <subfield code="o">Year 1 028 YAR</subfield>
    <subfield code="p">00052883SSW</subfield>
    <subfield code="q">2024-07-21</subfield>
    <subfield code="r">2024-05-22 15:07:06</subfield>
    <subfield code="s">2024-05-22</subfield>
    <subfield code="w">2024-01-23</subfield>
    <subfield code="y">BK</subfield>
  </datafield>
  <datafield tag="952" ind1=" " ind2=" ">
    <subfield code="0">0</subfield>
    <subfield code="1">0</subfield>
    <subfield code="2">ddc</subfield>
    <subfield code="4">0</subfield>
    <subfield code="7">0</subfield>
    <subfield code="a">12.27</subfield>
    <subfield code="b">12.27</subfield>
    <subfield code="d">2020-12-28</subfield>
    <subfield code="l">2</subfield>
    <subfield code="o">A Year 1 028 YAR</subfield>
    <subfield code="p">00052466AGC</subfield>
    <subfield code="r">2024-08-26 19:03:58</subfield>
    <subfield code="s">2024-05-21</subfield>
    <subfield code="w">2024-01-23</subfield>
    <subfield code="y">BK</subfield>
  </datafield>
  <datafield tag="952" ind1=" " ind2=" ">
    <subfield code="0">0</subfield>
    <subfield code="1">0</subfield>
    <subfield code="2">ddc</subfield>
    <subfield code="4">0</subfield>
    <subfield code="7">0</subfield>
    <subfield code="a">12.28</subfield>
    <subfield code="b">12.28</subfield>
    <subfield code="d">2022-06-30</subfield>
    <subfield code="l">1</subfield>
    <subfield code="o">Year 1 028 YAR</subfield>
    <subfield code="p">00058890SSW</subfield>
    <subfield code="q">2024-07-21</subfield>
    <subfield code="r">2024-05-22 15:04:01</subfield>
    <subfield code="s">2024-05-22</subfield>
    <subfield code="w">2024-01-23</subfield>
    <subfield code="y">BK</subfield>
  </datafield>
  <datafield tag="952" ind1=" " ind2=" ">
    <subfield code="0">0</subfield>
    <subfield code="1">0</subfield>
    <subfield code="2">ddc</subfield>
    <subfield code="4">0</subfield>
    <subfield code="7">0</subfield>
    <subfield code="a">12.28</subfield>
    <subfield code="b">12.28</subfield>
    <subfield code="d">2022-06-30</subfield>
    <subfield code="l">1</subfield>
    <subfield code="o">Year 1 028 YAR</subfield>
    <subfield code="p">00058891SSW</subfield>
    <subfield code="q">2024-07-26</subfield>
    <subfield code="r">2024-05-27 10:18:57</subfield>
    <subfield code="s">2024-05-27</subfield>
    <subfield code="w">2024-01-23</subfield>
    <subfield code="y">BK</subfield>
  </datafield>
  <datafield tag="952" ind1=" " ind2=" ">
    <subfield code="0">0</subfield>
    <subfield code="1">0</subfield>
    <subfield code="2">ddc</subfield>
    <subfield code="4">0</subfield>
    <subfield code="7">0</subfield>
    <subfield code="a">12.27</subfield>
    <subfield code="b">12.27</subfield>
    <subfield code="d">2022-06-21</subfield>
    <subfield code="l">4</subfield>
    <subfield code="o">A Year 1 028 YAR</subfield>
    <subfield code="p">00058859AGC</subfield>
    <subfield code="r">2024-07-25 17:49:14</subfield>
    <subfield code="s">2024-07-01</subfield>
    <subfield code="w">2024-01-23</subfield>
    <subfield code="y">BK</subfield>
  </datafield>
  <datafield tag="999" ind1=" " ind2=" ">
    <subfield code="c">116923</subfield>
    <subfield code="d">116923</subfield>
  </datafield>
</record>
